[Event "Oviedo op 8th"]
[Site "Oviedo"]
[Date "2022.07.20"]
[Round "6"]
[White "Fernandez Martinez, Ricardo"]
[Black "Prochaieva, Yelyzaveta"]
[Result "1/2-1/2"]
[WhiteElo "1231"]
[BlackElo "1466"]
[PlyCount "72"]
[EventDate "2022.07.17"]
[EventType "swiss"]
[EventRounds "9"]
[EventCountry "ESP"]
[SourceTitle "CBM 209 Extra"]
[Source "ChessBase"]
[SourceDate "2022.09.30"]
[SourceVersion "1"]
[SourceVersionDate "2022.09.30"]
[SourceQuality "1"]

1. e4 c5 2. c3 e6 3. d4 cxd4 4. cxd4 Ne7 5. Nc3 Nbc6 6. d5 Nb8 7. dxe6 dxe6 8. Qxd8+ Kxd8 9. Bf4 Nbc6 10. Rd1+ Bd7 11. Bb5 a6 12. Ba4 b5 13. Bc2 Ng6 14. Bg3 Be7 15. Nf3 Rc8 16. Bb1 Na5 17. Ne5 Nxe5 18. Bxe5 f6 19. Bf4 Nc4 20. Bc1 Ke8 21. 0-0 Bc6 22. b3 Ne5 23. Bb2 b4 24. Ne2 Ng6 25. Rc1 Kf7 26. Nd4 Bb7 27. Rxc8 Rxc8 28. Rc1 Rxc1+ 29. Bxc1 Bc5 30. Be3 Ne7 31. Bd3 Ng6 32. Nc2 Bxe3 33. Nxe3 Ne5 34. Bc2 g5 35. f3 h5 36. Kf2 h4 1/2-1/2

[Event "Oviedo op 8th"]
[Site "Oviedo"]
[Date "2022.07.19"]
[Round "4"]
[White "Fernandez Martinez, Ricardo"]
[Black "Armas Gago, Miguel Angel"]
[Result "0-1"]
[WhiteElo "1231"]
[BlackElo "1526"]
[PlyCount "44"]
[EventDate "2022.07.17"]
[EventType "swiss"]
[EventRounds "9"]
[EventCountry "ESP"]
[SourceTitle "CBM 209 Extra"]
[Source "ChessBase"]
[SourceDate "2022.09.30"]
[SourceVersion "1"]
[SourceVersionDate "2022.09.30"]
[SourceQuality "1"]

1. e4 e5 2. Nf3 Nf6 3. Nc3 Bb4 4. g3 0-0 5. Bg2 Bxc3 6. bxc3 Nxe4 7. Nxe5 Re8 8. Qg4 d6 9. Qf4 Rxe5 10. Bxe4 Qe8 11. 0-0 Rxe4 12. Qf3 Bh3 13. d3 Re1 14. Bd2 Rxf1+ 15. Rxf1 Bxf1 16. Qxb7 Nd7 17. Kxf1 Rb8 18. Qxc7 Rb1+ 19. Kg2 h6 20. Qxd6 Rb2 21. Qa6 Rxc2 22. Be3 Qxe3 0-1

[Event "Oviedo op 8th"]
[Site "Oviedo"]
[Date "2022.07.18"]
[Round "3"]
[White "Vilanova Ramos, Juan Manuel"]
[Black "Fernandez Martinez, Ricardo"]
[Result "1-0"]
[WhiteElo "1679"]
[BlackElo "1231"]
[PlyCount "85"]
[EventDate "2022.07.17"]
[EventType "swiss"]
[EventRounds "9"]
[EventCountry "ESP"]
[SourceTitle "CBM 209 Extra"]
[Source "ChessBase"]
[SourceDate "2022.09.30"]
[SourceVersion "1"]
[SourceVersionDate "2022.09.30"]
[SourceQuality "1"]

1. d4 Nf6 2. Bf4 e6 3. e3 c5 4. c3 Nc6 5. Nf3 b6 6. Nbd2 cxd4 7. exd4 Bb7 8. Bd3 Be7 9. h3 d6 10. Bb5 a6 11. Ba4 b5 12. Bc2 Rc8 13. a3 h6 14. 0-0 0-0 15. Ne4 Ba8 16. Nxf6+ Bxf6 17. Qd3 Re8 18. Rad1 Ne7 19. Qh7+ Kf8 20. Nd2 Ng8 21. Ne4 Bxe4 22. Bxe4 Bg5 23. Bxg5 Qxg5 24. f4 Qd8 25. Bb7 Rb8 26. Bc6 Re7 27. f5 d5 28. f6 gxf6 29. Rf3 Qd6 30. Rdd3 Qxc6 31. Rg3 Ree8 32. Rxg8+ Ke7 33. Rg7 Rf8 34. Rf3 Qc4 35. Qxh6 f5 36. Qe3 Kd7 37. h4 Qa2 38. Rf2 Qb1+ 39. Kh2 Qe4 40. Qg5 Kc6 41. h5 f6 42. Qg3 Rh8 43. Qc7# 1-0

[Event "Pontevedra op-B 6th"]
[Site "Pontevedra"]
[Date "2018.08.14"]
[Round "9"]
[White "Fernandez Martinez, Ricardo"]
[Black "Bahamonde Trujillo, Juan"]
[Result "0-1"]
[WhiteElo "1159"]
[BlackElo "1363"]
[PlyCount "106"]
[EventDate "2018.08.08"]
[EventType "swiss"]
[EventRounds "9"]
[EventCountry "ESP"]
[SourceTitle "CBM 186 Extra"]
[Source "ChessBase"]
[SourceDate "2018.08.24"]
[SourceVersion "1"]
[SourceVersionDate "2018.08.24"]
[SourceQuality "1"]

1. e4 c5 2. c3 d6 3. Nf3 Nc6 4. d4 cxd4 5. cxd4 Bg4 6. Be3 Nf6 7. Nc3 a6 8. h3 Bd7 9. a3 e5 10. d5 Ne7 11. Be2 Ng6 12. 0-0 Be7 13. Nd2 0-0 14. Na4 Bxa4 15. Qxa4 Qd7 16. Qxd7 Nxd7 17. Rac1 Rac8 18. Bg4 Rb8 19. Bxd7 h6 20. f4 exf4 21. Bxf4 Nxf4 22. Rxf4 Bg5 23. Rf2 Be3 24. Nc4 Bxc1 25. Bg4 b5 26. Nxd6 Be3 27. Nf5 Bxf2+ 28. Kxf2 Rfe8 29. Bf3 Rbd8 30. Nd4 f6 31. Ke3 g6 32. Ne6 Rxe6 33. dxe6 Re8 34. Kf4 Rxe6 35. h4 Rd6 36. Ke3 Kf7 37. Be2 Ke6 38. Bd3 Ke5 39. Bc2 a5 40. Bd3 b4 41. axb4 axb4 42. g3 b3 43. Bc4 f5 44. exf5 gxf5 45. Bxb3 Rb6 46. Bd1 Rxb2 47. Kf3 Ra2 48. h5 Ra3+ 49. Kf2 Kd4 50. Bf3 Ra2+ 51. Be2 Ke4 52. Kf1 Ke3 53. Ke1 Rxe2+ 0-1

[Event "Pontevedra op-B 6th"]
[Site "Pontevedra"]
[Date "2018.08.12"]
[Round "7"]
[White "Veenstra, Catrines"]
[Black "Fernandez Martinez, Ricardo"]
[Result "0-1"]
[WhiteElo "1421"]
[BlackElo "1159"]
[PlyCount "118"]
[EventDate "2018.08.08"]
[EventType "swiss"]
[EventRounds "9"]
[EventCountry "ESP"]
[SourceTitle "CBM 186 Extra"]
[Source "ChessBase"]
[SourceDate "2018.08.24"]
[SourceVersion "1"]
[SourceVersionDate "2018.08.24"]
[SourceQuality "1"]

1. d4 d5 2. c4 Nc6 3. Nf3 Bg4 4. e3 e5 5. Be2 dxc4 6. d5 Nb4 7. e4 Bd6 8. Bxc4 Bxf3 9. gxf3 Qd7 10. a3 b5 11. Bf1 Na6 12. Nc3 Rb8 13. b4 c5 14. a4 cxb4 15. Nxb5 Nc5 16. Rb1 a6 17. Nxd6+ Qxd6 18. Bd2 a5 19. Rg1 g6 20. Bb5+ Ke7 21. Ke2 f6 22. Qc1 Kf7 23. Be3 Rc8 24. Bc6 Nxa4 25. Kf1 Nc3 26. Rb2 Ne7 27. Kg2 Nxc6 28. dxc6 Qxc6 29. Qc2 Qb5 30. Qb3+ Qc4 31. Qxc4+ Rxc4 32. Rc1 Rhc8 33. Rd2 Ke6 34. Bb6 a4 35. Ba5 a3 36. Rdc2 Rb8 37. Bxb4 Rbxb4 38. Rxc3 Rxc3 39. Rxc3 a2 40. Ra3 Rb2 41. Kg3 f5 42. exf5+ Kxf5 43. h4 h5 44. Ra4 g5 45. hxg5 Kxg5 46. Ra5 h4+ 47. Kh3 Kf4 48. Kxh4 Rxf2 49. Kh5 Kxf3 50. Kg5 e4 51. Kf5 Ke3+ 52. Ke5 Re2 53. Ra3+ Kf2 54. Kd4 e3 55. Ke4 Rb2 56. Ra8 e2 57. Rf8+ Ke1 58. Re8 Kd1 59. Rd8+ Rd2 0-1